[Event "EU-ch U18"]
[Site "Vejen"]
[Date "1993.??.??"]
[Round "5"]
[White "Nilssen, John Arni"]
[Black "Kekelidze, Mikheil"]
[Result "1/2-1/2"]
[WhiteElo "2265"]
[BlackElo "2230"]

1.d4 Nf6 2.Bg5 Ne4 3.Bf4 c5 4.d5 Qb6 5.Nd2 Nxd2 6.Bxd2 Qxb2 7.e4 d6 8.Ne2 Qb6
9.Bc3 Nd7 10.Ng3 Nf6 11.Bc4 h5 12.Qd3 h4 13.Nf5 a6 14.O-O Qd8 15.a4 g6 16.Ne3 Bg7
17.f4 O-O 18.e5 Ng4 19.Nxg4 Bxg4 20.Rae1 Bf5 21.Qe2 b5 22.axb5 axb5 23.Bxb5 Ra2
24.Bd3 Qc8 25.Ra1 Rxa1 26.Bxa1 Qd7 27.exd6 exd6 28.Bxg7 Kxg7 29.c4 Rb8 30.Bxf5 Qxf5
31.g4 hxg3 32.hxg3 Rb3 33.Kg2 Rc3 34.Rc1 Rb3 35.Qc2 Rd3 36.Qb2+ Rd4 37.Qe2 Re4
38.Qb2+ Rd4 39.Qe2 Kf6 40.Re1 Qd3 41.Qxd3 Rxd3 42.Kf2 Rd4 43.Rc1 g5 44.fxg5+ Kxg5
45.Rc3 Kf5 46.Ke2 Re4+ 47.Kf3 Ke5 48.Re3 Rxe3+ 49.Kxe3 Kf5 50.Kf3 Ke5 51.Ke3 Kf5
52.Kf3 Kg5 53.g4 f5 54.gxf5 Kxf5 55.Kg3 Ke5 56.Kg4 Kd4 57.Kf5 Kxc4 58.Ke6 Kb5
59.Kxd6 c4 60.Ke7 c3  1/2-1/2

[Event "Velden op"]
[Site "Velden"]
[Date "1993.??.??"]
[Round "8"]
[White "Klinger, Josef"]
[Black "Dimitrov, Vladimir"]
[Result "1/2-1/2"]
[WhiteElo "2445"]
[BlackElo "2460"]

1.d4 Nf6 2.Bg5 Ne4 3.Bf4 c5 4.d5 Qb6 5.Nd2 Qxb2 6.Nxe4 Qb4+ 7.Qd2 Qxe4 8.e3 e5
9.dxe6 Qxe6 10.Ne2 b6 11.Nc3 Bb7 12.Rd1 Be7 13.Nb5 O-O 14.Nc7 Qxa2 15.c4 Qb3
16.f3 Bh4+ 17.Bg3 Bf6 18.Kf2 Nc6 19.Nxa8 Bxa8 20.Be2 Na5 21.Qxd7 Nxc4 22.Rd3 Qa2
23.Qc7 Nb2 24.Rd7 c4 25.Kf1 Qb3 26.Be5 Qxe3 27.Bxf6 gxf6 28.Qg3+ Kh8 29.Qh4 Kg7
30.Qg3+ Kh8 31.Qf2 Qe6 32.Qd4 Re8 33.Qxb2 Qxd7 34.Qxf6+ Kg8 35.Qg5+ Kf8 36.Qh6+ Ke7
37.Qh4+ Kf8 38.Qh6+  1/2-1/2

[Event "Vilnius zt"]
[Site "Vilnius"]
[Date "1993.??.??"]
[Round "?"]
[White "Rytshagov, Mikhail"]
[Black "Lanka, Zigurds"]
[Result "1/2-1/2"]
[WhiteElo "2430"]
[BlackElo "2545"]

1.d4 Nf6 2.Bg5 Ne4 3.Bf4 c5 4.f3 Nf6 5.d5 d6 6.e4 a6 7.Nd2 e5 8.Be3 Be7 9.a4 O-O
10.Nc4 Nbd7 11.Qd2 b6 12.g3 Rb8 13.Bh3 Bb7 14.Ne2 Ba8 15.O-O b5 16.axb5 axb5
17.Na5 Nb6 18.b4 cxb4 19.Qxb4 Ne8 20.Rfb1 Bg5 21.Bf2 Qf6 22.Qxb5 Qh6 23.Qd3 Qxh3
24.Rxb6 Rxb6 25.Bxb6 f5 26.Nc3 f4 27.g4 h5 28.Qf1 Qxf1+ 29.Kxf1 hxg4 30.fxg4 Nf6
31.h3 Rc8 32.Ra3 f3  1/2-1/2

[Event "Voskresensk"]
[Site "Voskresensk"]
[Date "1993.??.??"]
[Round "?"]
[White "Danielian, Oganes"]
[Black "Nadyrhanov, S."]
[Result "1-0"]
[WhiteElo "2460"]
[BlackElo "2460"]

1.d4 Nf6 2.Bg5 Ne4 3.Bh4 d5 4.f3 Nd6 5.Nc3 c5 6.dxc5 Nf5 7.Bf2 d4 8.e4 dxc3
9.Qxd8+ Kxd8 10.O-O-O+ Kc7 11.exf5 cxb2+ 12.Kxb2 Bxf5 13.Ne2 Nc6 14.Nc3 g5
15.h4 Bg7 16.Bg3+ Kc8 17.hxg5 Bd4 18.Bd3 Bxd3 19.Rxd3 b6 20.Rh6 Kb7 21.cxb6 Rhd8
22.Rxh7 Nb4 23.Rxd4 Rxd4 24.Rxf7 Nc6 25.g6 Rg8 26.g7 axb6 27.Ne4 Ka6 28.Bf4 Rdd8
29.Bh6 Rde8 30.Ng5 Ne5 31.Rf8 Nc4+ 32.Kc3 Nd6 33.Ne6 Kb7 34.Bf4 Rc8+ 35.Kd3 Nb5
36.Be5 Na7 37.f4 Kc6 38.f5 Kd7 39.c4 Nc6 40.Bc3 Re8 41.Ke4 Nd8 42.Rxe8 Kxe8
43.Nxd8 Kxd8 44.Kf4 Ke8 45.Kg5 Kf7 46.Kh6 Re8 47.Kh7  1-0

[Event "Werfen op"]
[Site "Werfen"]
[Date "1993.??.??"]
[Round "8"]
[White "Grimm, Sascha"]
[Black "Krakops, Maris"]
[Result "0-1"]
[WhiteElo "2320"]
[BlackElo "2230"]

1.d4 Nf6 2.Bg5 Ne4 3.h4 d5 4.Nd2 Nxd2 5.Qxd2 Bf5 6.e3 c5 7.Bd3 Bxd3 8.Qxd3 Nc6
9.Nf3 Qb6 10.Qb3 e6 11.O-O-O c4 12.Qa4 Qb4 13.Qxb4 Nxb4 14.a3 Nc6 15.c3 f6
16.Bf4 b5 17.Rhe1 a5 18.Kc2 Kf7 19.e4 Be7 20.exd5 exd5 21.Re2 b4 22.a4 Ra6
23.Rde1 Rd8 24.h5 Rd7 25.g4 Rb6 26.g5 bxc3 27.bxc3 Ba3 28.Re8 Rb2+ 29.Kd1 Rb1+
30.Kc2 Rb2+ 31.Kd1 Rxf2 32.g6+ hxg6 33.hxg6+ Kxg6 34.Nh4+ Kf7 35.Bg3 Ra2
36.Nf5 Rb7  0-1

[Event "Wijk op"]
[Site "Wijk aan Zee"]
[Date "1993.??.??"]
[Round "10"]
[White "Hodgson, Julian M"]
[Black "Salov, Valery"]
[Result "0-1"]
[WhiteElo "2565"]
[BlackElo "2660"]

1.d4 Nf6 2.Bg5 Ne4 3.h4 d5 4.Nd2 Bf5 5.Nxe4 Bxe4 6.f3 h6 7.fxe4 hxg5 8.Qd3 e6
9.Qb5+ Nc6 10.Qxb7 Nb4 11.Qb5+ Qd7 12.Qb7 Qc8 13.Qb5+ Qd7 14.Qb7 Qc8 15.Qb5+ c6
16.Qa4 dxe4 17.c4 Qa6 18.Qxa6 Nxa6 19.h5 g4 20.a3 g6 21.e3 Rxh5 22.Rxh5 gxh5
23.Ne2 Bh6 24.Kf2 h4 25.g3 h3 26.Nc3 f5 27.b4 Nc7 28.a4 a6 29.Rb1 Kd7 30.a5 Rh8
31.Be2 Bf8 32.Kg1 Bd6 33.Kh2 Rb8 34.b5 axb5 35.cxb5 cxb5 36.Bxb5+ Nxb5 37.Rxb5 Kc6
38.Rxb8 Bxb8 39.a6 Ba7 40.Ne2 Bb8 41.Nc3 Kb6 42.Na4+ Kxa6 43.Nc5+ Kb5 44.Nxe6 Kc4  0-1

[Event "Wijk op"]
[Site "Wijk aan Zee"]
[Date "1993.??.??"]
[Round "11"]
[White "Sokolov, Ivan"]
[Black "Smirin, Ilia"]
[Result "1/2-1/2"]
[WhiteElo "2640"]
[BlackElo "2590"]

1.d4 Nf6 2.Bg5 Ne4 3.Bf4 c5 4.f3 Qa5+ 5.c3 Nf6 6.d5 Qb6 7.b3 e6 8.e4 exd5
9.exd5 Bd6 10.Nh3 O-O 11.Qd2 Re8+ 12.Be2 c4 13.Bxd6 Qxd6 14.bxc4 b5 15.cxb5 a6
16.c4 axb5 17.cxb5 Qe5 18.Nc3 Nxd5 19.Qxd5 Qxc3+ 20.Kf2 Bb7 21.Qc4 Qe3+ 22.Kg3 h5
23.Qf4 Qxf4+ 24.Nxf4 g5 25.Nxh5 Rxe2 26.Rhc1 f5 27.Rc7 f4+ 28.Kh3 g4+ 29.Kh4 gxf3
30.Rxb7 fxg2 31.Nxf4 Rf2 32.Nxg2 Rxg2 33.Rc1 Rxh2+  1/2-1/2

[Event "Zagreb zt"]
[Site "Zagreb"]
[Date "1993.??.??"]
[Round "3"]
[White "Kovacevic, Vlatko"]
[Black "Dizdar, Goran"]
[Result "1/2-1/2"]
[WhiteElo "2485"]
[BlackElo "2490"]

1.d4 Nf6 2.Bg5 Ne4 3.Bh4 d5 4.f3 Nf6 5.Nc3 e6 6.e4 Be7 7.e5 Nfd7 8.Bxe7 Qxe7
9.f4 O-O 10.Nf3 c5 11.Bd3 f6 12.exf6 Nxf6 13.dxc5 Qxc5 14.Qd2 Nc6 15.O-O-O Bd7
16.Rhe1 Rae8 17.Kb1 Re7 18.g3 Rb8 19.Qg2 b5 20.Ne5 b4 21.Ne2 Nxe5 22.fxe5 Ne8
23.Qh3 h6 24.Nd4 Nc7 25.Qg4 Be8 26.Rf1 h5 27.Qg5 Nb5 28.Bxb5 Bxb5 29.Rf4 Rc8
30.Qxh5 Be8 31.Qg5 Rec7 32.Qg4 Re7 33.Rdf1 Bb5 34.R1f2 Bd3 35.Qf3 Bg6 36.Rf8+ Rxf8
37.Qxf8+ Kh7 38.Nxe6 Bxc2+ 39.Ka1 Qe3 40.Ng5+ Qxg5 41.Rxc2 Qxe5 42.Qf1 a5
43.Kb1 Qe4 44.b3 d4 45.Qg2 Qf5 46.Qf2 Qe4 47.Qg2 Qf5 48.Qf2 Qd3 49.Kb2 Re3
50.Qf4 Re2 51.Qh4+ Kg8 52.Qd8+ Kh7 53.Qh4+ Kg8 54.Qd8+ Kh7  1/2-1/2

[Event "Zagreb zt"]
[Site "Zagreb"]
[Date "1993.??.??"]
[Round "8"]
[White "Kovacevic, Vlatko"]
[Black "Smirin, Ilia"]
[Result "0-1"]
[WhiteElo "2485"]
[BlackElo "2590"]

1.d4 Nf6 2.Bg5 Ne4 3.Bf4 c5 4.f3 Qa5+ 5.c3 Nf6 6.Nd2 cxd4 7.Nb3 Qb6 8.Qxd4 Nc6
9.Qxb6 axb6 10.a3 d5 11.Bc7 e5 12.Bxb6 d4 13.cxd4 Be6 14.Nc5 Nd5 15.Nxe6 fxe6
16.Bc5 Nxd4 17.Bxd4 exd4 18.Rc1 Bd6 19.e4 dxe3 20.Bc4 Be5 21.Bxd5 exd5 22.Rc2 Ke7
23.Ne2 Rhc8 24.Kd1 Rc6 25.f4 Bf6 26.Rxc6 bxc6 27.Kc2 Kd6 28.Rd1 c5 29.Rd3 d4  0-1

[Event "Zaragoza op"]
[Site "Zaragoza"]
[Date "1993.??.??"]
[Round "?"]
[White "Hodgson, Julian M"]
[Black "Vyzmanavin, Alexey"]
[Result "1/2-1/2"]
[WhiteElo "2625"]
[BlackElo "2605"]

1.d4 Nf6 2.Bg5 Ne4 3.Bf4 c5 4.f3 Nf6 5.dxc5 Qa5+ 6.Nc3 Qxc5 7.e4 d6 8.Qd2 a6
9.O-O-O Nbd7 10.Nh3 b5 11.Nf2 Bb7 12.Nd3 Qc7 13.g4 Rc8 14.h4 e5 15.Bh2 Nb6
16.g5 Nc4 17.Qe1 Nd7 18.Bh3 Ncb6 19.f4 Be7 20.fxe5 dxe5 21.Nxe5 Nxe5 22.Bxc8 Bxc8
23.Qg3  1/2-1/2

[Event "Zillertal op"]
[Site "Zillertal"]
[Date "1993.??.??"]
[Round "?"]
[White "Hodgson, Julian M"]
[Black "Straub, Peter"]
[Result "1-0"]
[WhiteElo "2565"]
[BlackElo "2170"]

1.d4 Nf6 2.Bg5 Ne4 3.h4 h6 4.Bf4 d5 5.Nd2 Bf5 6.e3 e6 7.Bd3 Bd6 8.Bxe4 Bxe4
9.Nxe4 dxe4 10.Qg4 Bf8 11.Ne2 h5 12.Qg3 Na6 13.Nc3 Qe7 14.a3 f5 15.Nb5 Qd7
16.c4 c6 17.Nd6+ Bxd6 18.Bxd6 Rd8 19.c5 Qf7 20.f3 exf3 21.gxf3 Rd7 22.O-O-O Nc7
23.e4 Kd8 24.Rhg1 Kc8 25.Be5 Rhd8 26.a4 Ne8 27.Qe1 fxe4 28.fxe4 Qf3 29.Rg3 Qf8
30.Qa5 Rxd4 31.Bxd4 Qf4+ 32.Kb1 Qxe4+ 33.Ka2 Rxd4 34.Rxd4 Qxd4 35.Qxa7 Qc4+
36.Rb3 Nc7 37.Qxb7+ Kd7 38.Qb4 Qa6 39.Qd4+ Kc8 40.Rb6 e5  1-0

[Event "Zillertal op"]
[Site "Zillertal"]
[Date "1993.??.??"]
[Round "?"]
[White "Hodgson, Julian M"]
[Black "Uhlmann, Wolfgang"]
[Result "1/2-1/2"]
[WhiteElo "2565"]
[BlackElo "2500"]

1.d4 Nf6 2.Bg5 Ne4 3.h4 d5 4.Nd2 Nxg5 5.hxg5 Nc6 6.g6 fxg6 7.Ngf3 Bg4 8.c3 Qd7
9.e4 e6 10.Qb3 Bxf3 11.Nxf3 Be7 12.Bb5 Bf6 13.O-O-O a6 14.exd5 axb5 15.dxc6 bxc6
16.Rde1 Qd5 17.Kb1 Qxb3 18.axb3 Kd7 19.Kc2 h6 20.Re4 g5 21.Rhe1 Rhe8 22.b4 Re7
23.Rd1 Rf8 24.Ne1 Ke8 25.Nd3 Kf7 26.Ra1 Rfe8 27.Rae1 g6 28.f3 Rd8 29.Nc5 Rde8
30.Nd3 Kg7  1/2-1/2

[Event "Zillertal op"]
[Site "Zillertal"]
[Date "1993.??.??"]
[Round "?"]
[White "Hodgson, Julian M"]
[Black "Steinbacher, Matthias"]
[Result "1-0"]
[WhiteElo "2565"]
[BlackElo "2295"]

1.d4 Nf6 2.Bg5 Ne4 3.Bf4 d6 4.Nd2 Nf6 5.e4 g6 6.e5 Nd5 7.Bg3 Bg7 8.Ngf3 O-O
9.Bc4 Nb6 10.Bb3 Nc6 11.a4 a5 12.h3 dxe5 13.dxe5 Nd4 14.Nxd4 Qxd4 15.c3 Qd3
16.Nf3 Qe4+ 17.Qe2 Qxe2+ 18.Kxe2 c5 19.Nd2 Bd7 20.Nc4 Nxc4 21.Bxc4 Bc6 22.f3 Rfd8
23.e6 f5 24.Rhd1 Rxd1 25.Rxd1 Bxa4 26.Rd7 Bc6 27.Rxe7 b5 28.Rc7 bxc4 29.Rxc6 Bf8
30.Bh4 Re8 31.g4 Be7 32.Bxe7 Rxe7 33.Ke3  1-0

[Event "Aarhus-A"]
[Site "Aarhus"]
[Date "1994.??.??"]
[Round "2"]
[White "Sogaard, Soren"]
[Black "Ochsner, Thomas"]
[Result "1-0"]
[WhiteElo "2275"]
[BlackElo "2290"]

1.d4 Nf6 2.Bg5 Ne4 3.h4 d5 4.Nd2 Bf5 5.Nxe4 Bxe4 6.f3 h6 7.Bf4 Bh7 8.e3 c6
9.Bd3 Qa5+ 10.Kf2 Bxd3 11.cxd3 Nd7 12.Ne2 f6 13.g4 e5 14.Bg3 Bd6 15.g5 O-O-O
16.b4 Qxb4 17.Qc2 exd4 18.Nxd4 Bxg3+ 19.Kxg3 hxg5 20.h5 a6 21.Kg2 Nb8 22.Rab1 Qe7
23.Nf5 Qd7 24.d4 b5 25.a4 Kb7 26.Qd3 Rc8 27.e4 Rc7 28.e5 Ka8 29.Nd6 fxe5
30.dxe5 Qe6 31.axb5 cxb5 32.Rxb5 axb5 33.Nxb5 Rc6 34.Ra1+ Kb7 35.Ra7+ Kc8
36.Nd6+ Rxd6 37.exd6 Qxd6 38.Qf5+ Kd8 39.Qxg5+ Kc8 40.Qxg7 Rd8 41.Qb7+  1-0

[Event "Alushta2"]
[Site "Alushta"]
[Date "1994.??.??"]
[Round "7"]
[White "Tosic, Miroslav"]
[Black "Varavin, Viktor"]
[Result "0-1"]
[WhiteElo "2445"]
[BlackElo "2510"]

1.d4 Nf6 2.Bg5 Ne4 3.h4 c5 4.dxc5 Nxg5 5.hxg5 e6 6.Nf3 Bxc5 7.e3 Nc6 8.Qd3 Qb6
9.Nbd2 Qxb2 10.Rb1 Qxa2 11.Qc3 Bf8 12.g6 fxg6 13.Bd3 Qxb1+ 14.Nxb1 Bb4 15.Bxg6+ Ke7
16.Qxb4+ Nxb4 17.Ne5 d6 18.c3 Nd5 19.Nd3 Bd7 20.Be4 Nf6  0-1

[Event "Aschach op"]
[Site "Aschach"]
[Date "1994.??.??"]
[Round "?"]
[White "Gerer, Josef"]
[Black "Mendl, Manuel"]
[Result "1/2-1/2"]
[WhiteElo "2215"]
[BlackElo "2015"]

1.d4 Nf6 2.Bg5 Ne4 3.Bf4 c5 4.d5 Qb6 5.Nd2 Qxb2 6.Nxe4 Qb4+ 7.c3 Qxe4 8.e3 g5
9.Bxg5 Qe5 10.Nf3 Qxc3+ 11.Nd2 Qe5 12.Nf3 Qc3+  1/2-1/2

[Event "Aschach op"]
[Site "Aschach"]
[Date "1994.??.??"]
[Round "?"]
[White "Graf, Gerd"]
[Black "Kaiser, Wolfgang"]
[Result "1-0"]
[WhiteElo "2240"]
[BlackElo "2355"]

1.d4 Nf6 2.Bg5 Ne4 3.h4 Nxg5 4.hxg5 g6 5.Nf3 Bg7 6.e3 b6 7.Nbd2 Bb7 8.Bc4 d5
9.Bb5+ c6 10.Bd3 Nd7 11.Qe2 Qc7 12.Rc1 b5 13.e4 a6 14.e5 Nf8 15.b4 Bc8 16.Nb3 Bg4
17.Rh4 Qc8 18.Qe3 Ra7 19.Ra1 Kd8 20.a4 f6 21.axb5 cxb5 22.Nc5 Ne6 23.Rxg4 Nxc5
24.dxc5 Qxg4 25.c6 Qxb4+ 26.Ke2 Rc7 27.Rxa6 d4 28.Nxd4 Rc8 29.exf6 Bf8 30.c7+ Kxc7
31.Qe4 Bh6 32.Ra7+  1-0

[Event "Aschach op"]
[Site "Aschach"]
[Date "1994.??.??"]
[Round "?"]
[White "Graf, Gerd"]
[Black "Tratar, Marko"]
[Result "1-0"]
[WhiteElo "2240"]
[BlackElo "2380"]

1.d4 Nf6 2.Bg5 Ne4 3.h4 c5 4.d5 Qb6 5.Nd2 f5 6.Nxe4 fxe4 7.Rb1 Qa5+ 8.Bd2 Qxa2
9.Bc3 Qa6 10.e3 Qb6 11.Nh3 Na6 12.Nf4 Nc7 13.Qh5+ Kd8 14.Rd1 Ne8 15.Ne6+  1-0

[Event "Aschach op"]
[Site "Aschach"]
[Date "1994.??.??"]
[Round "?"]
[White "Moser, Guenter"]
[Black "Fuchs, K."]
[Result "1-0"]
[WhiteElo "2280"]
[BlackElo "1730"]

1.d4 Nf6 2.Bg5 Ne4 3.Bh4 c5 4.f3 Nf6 5.Bxf6 gxf6 6.d5 d6 7.c3 Bg7 8.Nd2 Bf5
9.e4 Bg6 10.h4 h6 11.h5 Bh7 12.g4 e6 13.Nc4 e5 14.Qb3 b6 15.a4 Qd7 16.Nxb6 Qb7
17.Bb5+ Ke7 18.Nxa8 Qxa8 19.Ne2 a6 20.Bc4 Nd7 21.a5 Rb8 22.Qc2 Ke8 23.Ng3 Bf8
24.Rh2 Be7 25.Qd3  1-0

[Event "AUT-chT2S 9394"]
[Site "AUT"]
[Date "1994.??.??"]
[Round "?"]
[White "Riedner, Martin"]
[Black "Scheck, Rudolf"]
[Result "0-1"]
[WhiteElo "2175"]
[BlackElo "2200"]

1.d4 Nf6 2.Bg5 Ne4 3.Bf4 c5 4.f3 Nf6 5.d5 d6 6.e4 g6 7.Ne2 Bg7 8.Nec3 O-O
9.Be2 Nbd7 10.a4 Ne5 11.Be3 e6 12.O-O exd5 13.exd5 h6 14.Qd2 Kh7 15.h3 Re8
16.f4 Ned7 17.Bf3 Nb6 18.Bf2 Bf5 19.Na3 Ne4 20.Nxe4 Bxe4 21.Bxe4 Rxe4 22.a5 Nd7
23.Nb5 Nf6 24.Rfe1 Rb4 25.Nc3 Rxb2 26.Re2 Qd7 27.Rae1 Re8 28.Rxe8 Nxe8 29.Nd1 Rb1
30.Re2 Nf6 31.c4 Qa4 32.Re1 Qxc4 33.Kh2 Qxd5 34.Qc2 Qb3 35.Qe2 Qb4 36.f5 g5
37.Qe7 Qb3  0-1

[Event "Bad Ragaz op"]
[Site "Bad Ragaz"]
[Date "1994.??.??"]
[Round "7"]
[White "Richtrova, Eliska"]
[Black "Jahn, Constanze"]
[Result "1-0"]
[WhiteElo "2335"]
[BlackElo "2235"]

1.d4 Nf6 2.Bg5 Ne4 3.Bh4 c5 4.dxc5 Qa5+ 5.c3 Qxc5 6.Qd4 Qxd4 7.cxd4 Nc6 8.e3 e5
9.f3 Nf6 10.dxe5 Nd5 11.Bf2 Nxe5 12.Nc3 Bb4 13.Kd2 Nxc3 14.bxc3 Bc5 15.Nh3 d5
16.Bb5+ Ke7 17.Nf4 Rd8 18.Ke2 a6 19.Ba4 g5 20.Nh5 Bd7 21.Bxd7 Rxd7 22.h4 h6
23.Ng3 Ke6 24.hxg5 hxg5 25.Rh6+ f6 26.Rd1 Rc8 27.Nh5 Be7 28.Be1 Bd8 29.g4 Rf7
30.Rh8 Rd7 31.Ng3 Rc5 32.Nf5 Ba5 33.Nd4+ Ke7 34.Nb3 Rb5 35.f4 gxf4 36.exf4 Nf7
37.Rh7 Bb6 38.g5 fxg5 39.fxg5 d4 40.cxd4 Kd6 41.Bg3+ Ke6 42.g6 Nd8 43.Nc5+ Bxc5
44.Rxd7 Be7 45.g7 Rg5 46.Rxe7+  1-0

[Event "Bad Ragaz op"]
[Site "Bad Ragaz"]
[Date "1994.??.??"]
[Round "7"]
[White "Allegro, Valery"]
[Black "Ballmann, Martin"]
[Result "0-1"]
[WhiteElo "2255"]
[BlackElo "2325"]

1.d4 Nf6 2.Bg5 Ne4 3.Bf4 d5 4.Nd2 Nxd2 5.Qxd2 c6 6.e3 Qb6 7.c4 dxc4 8.a3 Bg4
9.Bxc4 Nd7 10.f3 Bh5 11.Ne2 e6 12.g4 Bg6 13.h4 h6 14.Nc3 Be7 15.h5 Bh7 16.e4 Qa5
17.O-O e5 18.b4 Qc7 19.dxe5 Nxe5 20.Bxe5 Qxe5 21.f4 Qc7 22.Rad1 O-O 23.e5 Rad8
24.Qe2 a5 25.Rxd8 Rxd8 26.Rd1 axb4 27.axb4 b5 28.Bb3 Bxb4 29.Ne4 Rxd1+ 30.Bxd1 Qd7
31.Bc2 Qd4+ 32.Kg2 Ba5 33.Bd3 Bb6 34.Qc2 Qg1+ 35.Kh3 Qe3+ 36.Kg2 Kh8 37.f5 Qf4
38.Qe2 Qxe5 39.Qa2 Bg8 40.Qa8 Qd5 41.Bc2 Qc4 42.Bb1 Qe2+  0-1

[Event "Bad Woerishofen op"]
[Site "Bad Woerishofen"]
[Date "1994.??.??"]
[Round "6"]
[White "Hodgson, Julian M"]
[Black "Jansa, Vlastimil"]
[Result "1-0"]
[WhiteElo "2570"]
[BlackElo "2515"]

1.d4 Nf6 2.Bg5 Ne4 3.Bf4 d5 4.f3 Nf6 5.Nc3 e6 6.e4 Be7 7.Nb5 Na6 8.e5 Nd7
9.Be3 c6 10.Nc3 Qb6 11.Bxa6 Qxa6 12.Nge2 b5 13.b3 Qb6 14.Qd2 a5 15.O-O Ba6
16.f4 g6 17.a3 Rc8 18.g4 c5 19.Rf2 f5 20.gxf5 gxf5 21.Rg2 Kf7 22.Kf2 Rhg8
23.Rag1 Rxg2+ 24.Rxg2 b4 25.Na4 Qb5 26.axb4 cxd4 27.Nxd4 Qf1+ 28.Kg3 axb4
29.h3 Qh1 30.Nf3 Rg8+ 31.Ng5+ Ke8 32.c4 bxc3 33.Nxc3 Bb4 34.Rg1 Bxc3 35.Qxc3 Qe4
36.Kf2 Qd3 37.Qxd3 Bxd3 38.Nxe6 Rxg1 39.Kxg1 Nf8 40.Nc7+ Kf7 41.Nxd5 Ke6
42.Nf6 h6 43.Kf2 Ng6 44.Kg3 Ne7 45.Bd2 Bb5 46.Kh4 Kf7 47.Bb4 Nc6 48.Bc5 Nd8
49.Nd5 Ne6 50.Be3 Bc6 51.Nb6 Nf8 52.Nc8 Ng6+ 53.Kg3 Ke6 54.Nd6 Nh8 55.b4 Nf7
56.b5 Bd7 57.Nxf7 Kxf7 58.b6 Bc6 59.Kh4 Bf3 60.Bc5 Bd5 61.Kh5 Kg7 62.Bf8+ Kxf8
63.Kxh6  1-0

[Event "Badenweiler op"]
[Site "Badenweiler"]
[Date "1994.??.??"]
[Round "4"]
[White "Gerstner, Wolfgang"]
[Black "Scherer, Max"]
[Result "1-0"]
[WhiteElo "2380"]
[BlackElo "2210"]

1.d4 Nf6 2.Bg5 Ne4 3.Bf4 d5 4.Nd2 Bf5 5.e3 e6 6.Nxe4 Bxe4 7.Ne2 Bd6 8.Ng3 Bxf4
9.exf4 Qf6 10.Nxe4 dxe4 11.g3 O-O 12.c3 Nd7 13.Bg2 Qg6 14.Qe2 f5 15.f3 exf3
16.Bxf3 c6 17.O-O Rf6 18.b4 Nb6 19.Kh1 Qf7 20.a4 Rc8 21.Rfe1 Qc7 22.a5 Nd5
23.Qd2 Qd6 24.Re5 Nc7 25.Bd1 Rd8 26.Bb3 b6 27.axb6 axb6 28.Qe2 Re8 29.Qd3 g6
30.Kg2 Re7 31.Kf3 Kg7 32.Ra7 h6 33.h4 g5 34.hxg5 hxg5 35.fxg5 Rg6 36.Qe3 Rf7
37.Rxc7 Rxc7 38.Bxe6 c5 39.bxc5 bxc5 40.Bxf5 cxd4 41.cxd4 Rf7 42.Kg4 Rxf5
43.Rxf5 Qd7 44.Qe5+ Kh7 45.Qd5 Rd6 46.Qf7+ Qxf7 47.Rxf7+ Kg6 48.Rf6+  1-0

[Event "Regionalliga NO9495"]
[Site "Bayern"]
[Date "1994.??.??"]
[Round "5"]
[White "Bayer, Christian"]
[Black "Kordts, Wolfgang"]
[Result "1/2-1/2"]
[WhiteElo "2030"]
[BlackElo "2000"]

1.d4 Nf6 2.Bg5 Ne4 3.Bf4 c5 4.d5 d6 5.f3 Qa5+ 6.c3 Nf6 7.e4 g6 8.Na3 Bg7
9.Bd3 O-O 10.Ne2 a6 11.Nc4 Qd8 12.a4 Nbd7 13.a5 Nh5 14.Be3 Qc7 15.Nf4 Nxf4
16.Bxf4 Ne5 17.Bxe5 Bxe5 18.O-O Bg7 19.f4 Bd7 20.Nb6 Rad8 21.Qe2 Bc8 22.Rae1 Kh8
23.Bc4 e5 24.f5 f6 25.g4 Bh6 26.Kh1 Bf4 27.Qg2 Qg7 28.Qh3 Qh6 29.Qxh6 Bxh6
30.Be2 Kg7 31.Kg2 Bf4 32.h3 Kf7 33.Kf3 Ke7 34.Rg1 Bd7 35.Rb1 Rg8 36.Bd3 h5
37.Rbd1 hxg4+ 38.hxg4 g5 39.Rh1 Rh8 40.Rh5 Rxh5 41.gxh5 Rh8 42.Rh1  1/2-1/2

[Event "Regionalliga NO9495"]
[Site "Bayern"]
[Date "1994.??.??"]
[Round "6"]
[White "Bayer, Christian"]
[Black "Deckert, Marc"]
[Result "1-0"]
[WhiteElo "2030"]
[BlackElo "1980"]

1.d4 Nf6 2.Bg5 Ne4 3.Bf4 g5 4.Bc1 h6 5.f3 Nf6 6.e4 Bg7 7.Be3 d5 8.e5 Nfd7
9.Bd3 c5 10.c3 Nc6 11.Ne2 Qb6 12.Qd2 Nf8 13.Na3 Ne6 14.Rc1 Bd7 15.Bb1 c4
16.O-O O-O-O 17.Ng3 Nc7 18.Bf5 e6 19.Bg4 f5 20.exf6 Bxf6 21.Nxc4 dxc4 22.d5 Qa6
23.dxc6 Bxc6 24.Qf2 Kb8 25.Rfe1 e5 26.Bc5 Rhe8 27.Nf5 Rh8 28.Ne7 Be8 29.Rcd1 Bf7
30.Bd7 Ne6 31.Ba3 Nf4 32.Rd6 Qa5 33.Rxf6 Nd3 34.Qe3 Nxe1 35.Rxf7 Rxd7 36.Nc6+ bxc6
37.Rxd7 Nc2 38.Bd6+ Kc8 39.Qxa7 Qxa7+ 40.Rxa7 Re8 41.Ra8+ Kd7 42.Rxe8 Kxe8
43.Bxe5 Ne3 44.g4 Kf7 45.a4  1-0

[Event "JUG-chT Cup"]
[Site "Becici"]
[Date "1994.??.??"]
[Round "?"]
[White "Kosic, Dragan"]
[Black "Popovic, Petar"]
[Result "1/2-1/2"]
[WhiteElo "2515"]
[BlackElo "2525"]

1.d4 Nf6 2.Bg5 Ne4 3.h4 c6 4.Nd2 Qa5 5.Nf3 d5 6.c3 Bf5 7.Nxe4 Bxe4 8.Nd2 Bf5
9.e3 h6 10.Bf4 Nd7 11.f3 e6 12.e4 Bh7 13.Bd3 Be7 14.Qe2 Rc8 15.g4 Bg6 16.Bg3 h5
17.Nb3 Qb6 18.Bc2 hxg4 19.fxg4 Nf6 20.e5 Ne4 21.Bxe4 Bxe4 22.Rh2 Qb5 23.Kd2 b6
24.Qxb5 cxb5 25.Ke3 b4 26.cxb4 Bxb4 27.Rc1 Rxc1 28.Nxc1 Be7 29.Ne2 Kd7 30.Nc3 Bh7  1/2-1/2

[Event "Belgrade"]
[Site "Belgrade"]
[Date "1994.??.??"]
[Round "2"]
[White "Kosic, Dragan"]
[Black "Shipov, Sergei"]
[Result "1-0"]
[WhiteElo "2525"]
[BlackElo "2525"]

1.d4 Nf6 2.Bg5 Ne4 3.h4 c5 4.dxc5 Na6 5.Qd4 Naxc5 6.Nc3 Nxc3 7.Qxc5 Ne4 8.Qd5 Nf6
9.Bxf6 gxf6 10.O-O-O d6 11.e4 a6 12.Ne2 Qb6 13.Nd4 e6 14.Qh5 Qc5 15.Qe2 Bd7
16.Rh3 Rc8 17.Kb1 Be7 18.f4 Rg8 19.Rb3 b5 20.g4 h6 21.Bh3 Qa7 22.g5 fxg5
23.hxg5 hxg5 24.Qh5 g4 25.Bxg4 Qc5 26.e5 dxe5 27.fxe5 Rg5 28.Qh8+ Bf8 29.Rc3 Qxc3
30.bxc3 Rxg4 31.Qh5 Rg6 32.Qf3 Bg7 33.Qb7 Bxe5 34.Nf3 Bc7 35.Ne5 Rg1 36.Rxg1 Bxe5
37.Rg8+  1-0

[Event "Bern op"]
[Site "Bern"]
[Date "1994.??.??"]
[Round "4"]
[White "Landenbergue, Claude"]
[Black "Maksimenko, Andrei"]
[Result "0-1"]
[WhiteElo "2390"]
[BlackElo "2430"]

1.d4 Nf6 2.Bg5 Ne4 3.Bf4 c5 4.f3 Nf6 5.dxc5 Qa5+ 6.Qd2 Qxc5 7.Nc3 d6 8.e4 g6
9.O-O-O Bg7 10.e5 Nh5 11.Ne4 Qc6 12.exd6 f5 13.Nf2 Qa4 14.Nd3 Qxa2 15.Qe3 Nc6
16.c3 Be6 17.d7+ Kf7 18.Ne2 Rhd8  0-1

[Event "Bern op"]
[Site "Bern"]
[Date "1994.??.??"]
[Round "6"]
[White "Hodgson, Julian M"]
[Black "Panchenko, Alexandar G"]
[Result "1-0"]
[WhiteElo "2570"]
[BlackElo "2485"]

1.d4 Nf6 2.Bg5 Ne4 3.Bf4 d5 4.f3 Nf6 5.e4 dxe4 6.Nc3 exf3 7.Nxf3 g6 8.Bc4 Bg7
9.Qe2 O-O 10.O-O-O c6 11.d5 cxd5 12.Nxd5 Nxd5 13.Rxd5 Qb6 14.Rb5 Qc6 15.Ne5 Qe8
16.h4 Nc6 17.h5 g5 18.Nxc6 Qxc6 19.Rxg5 Qf6 20.Qe5 h6 21.Rg6 Qxg6 22.hxg6 Bxe5
23.Bxe5 Be6 24.Rxh6 f6 25.Bxe6+ Kg7 26.Bf4 Rh8 27.Rxh8 Rxh8 28.c4 Kxg6 29.g4 Rh3
30.Kd2 a5 31.c5 a4 32.b4 axb3 33.axb3  1-0

[Event "Bern op"]
[Site "Bern"]
[Date "1994.??.??"]
[Round "7"]
[White "Arbakov, Valentin"]
[Black "Sokolov, Andrei"]
[Result "1/2-1/2"]
[WhiteElo "2575"]
[BlackElo "2555"]

1.d4 Nf6 2.Bg5 Ne4 3.Bf4 d5 4.e3 e6 5.Bd3 Bd6 6.Bxd6 Qxd6 7.Bxe4 dxe4 8.Nc3 O-O
9.Qh5 f5 10.O-O-O Nd7 11.f3 Nb6 12.b3 Qa3+ 13.Kd2 c5 14.Nge2 cxd4 15.exd4 Bd7
16.fxe4 Bc6 17.Rhf1 Nd7 18.e5 Rac8 19.Qh3 Rfd8 20.Ke1 Qb2 21.Rf2 Nf8 22.Qe3 b5
23.Qc1 Qxc1 24.Rxc1 b4 25.Nd1 Be4 26.c3 Rc6 27.Kd2 Nd7 28.Ke3 g5 29.Nb2 bxc3
30.Rxc3 Rdc8 31.Rxc6 Rxc6 32.Nc4 Nb6 33.Nc3 Nd5+ 34.Kd2 Nxc3 35.Kxc3 f4 36.h4 h6
37.Kb4 Kg7 38.hxg5 hxg5 39.a4 Kg6 40.a5 Kh5 41.Nd6 Bd5 42.Nb5 Kg4 43.Nxa7 Rc1
44.Nb5 Kg3 45.Ra2 Bxg2 46.Nc3 Re1 47.d5 Bxd5 48.Nxd5 exd5 49.a6 Rxe5 50.a7 Re8
51.a8=Q Rxa8 52.Rxa8 f3 53.Rf8 f2 54.Kc5 Kg2 55.Kxd5 g4 56.b4 g3 57.b5 f1=Q
58.Rxf1 Kxf1 59.b6  1/2-1/2

[Event "Biel op"]
[Site "Biel"]
[Date "1994.??.??"]
[Round "5"]
[White "Weindl, Alfred"]
[Black "Tukmakov, Vladimir B"]
[Result "1-0"]
[WhiteElo "2355"]
[BlackElo "2565"]

1.d4 Nf6 2.Bg5 Ne4 3.Bf4 c5 4.d5 Qb6 5.Nd2 Nxd2 6.Bxd2 Qxb2 7.e4 g6 8.Rb1 Qe5
9.Bd3 Bg7 10.f4 Qc7 11.c4 d6 12.Nf3 Bg4 13.O-O Nd7 14.Qe1 Bxf3 15.Rxf3 Bd4+
16.Kh1 e5 17.dxe6 fxe6 18.e5 dxe5 19.Be4 Rb8 20.fxe5 Rf8 21.Qg3 Qxe5 22.Rxf8+ Kxf8
23.Qf3+ Qf6 24.Bf4 e5 25.Bh6+ Kg8 26.Qh3 Nb6 27.g4 Rd8 28.Rf1 Qe7 29.Qf3 Kh8
30.Kg2 Nxc4 31.h4 Qxh4 32.Qf8+  1-0

[Event "Biel op"]
[Site "Biel"]
[Date "1994.??.??"]
[Round "5"]
[White "Seul, Georg"]
[Black "Franzoni, Giancarlo"]
[Result "1/2-1/2"]
[WhiteElo "2435"]
[BlackElo "2435"]

1.d4 Nf6 2.Bg5 Ne4 3.Bh4 c6 4.Nd2 Nxd2 5.Qxd2 d5 6.Nf3 Bf5 7.e3 Nd7 8.Bd3 Bxd3
9.Qxd3 Qa5+ 10.c3 Qb5 11.Qxb5 cxb5 12.a4 bxa4 13.Rxa4 e6 14.Ke2 Bd6 15.Nd2 Nb6
16.Ra2 Kd7 17.Bg3 a6 18.b3 Rac8 19.Kd3 Rhe8 20.c4 Bb4 21.Rc1 Bxd2 22.Rxd2 Rc6
23.Rdc2 Ra8 24.f3 Nc8 25.e4 Ne7 26.cxd5 exd5 27.Rxc6 bxc6 28.Rc5 f6 29.Ra5 Ra7
30.Kc2 f5 31.exf5 Nxf5 32.Kc3 Nxg3 33.hxg3 Kc7 34.Ra1 Kb6 35.Re1 a5 36.Re8 h6
37.Rg8 Re7 38.Kd3 Rb7 39.g4 Kb5 40.Kc3 c5 41.dxc5 Kxc5 42.Rc8+ Kb5 43.Rd8  1/2-1/2